000 00463nam a2200157 4500
001 110300
003 ES-MaACL
007 t|
008 061121s1978 sp r ||||1| spa d
100 1 _aMolina, César Antonio.
_981883
245 1 0 _aProyecto preliminar para una arqueología de Campo /
_cCésar Antonio Molina.
250 _a1ª ed.
260 _aBarcelona :
_bVíctor Pozanco,
_c1978.
300 _a103 p. ;
_c18 cm.
852 _aES-MaACL
_jL-5758
_bR.106149
999 _c110300
_d110300